Featured Languages by COTW Quiz - Statistics

General Stats
  • This quiz has been taken 20 times
  • The average score is 8 of 9
Answer Stats
Quiz Language % Correct
Countries of the World Quiz English
100%
Länder der Welt Quiz German
100%
Países del Mundo Spanish
94%
Landen van de Wereld Dutch
88%
Maailman valtiot Finnish
88%
Pays du monde French
88%
Paesi del Mondo Italian
88%
Państwa Świata Polish
75%
Países do Mundo Portuguese
75%
No matching quizzes found
Score Distribution
Percent of People with Each Score
Percentile by Number Answered
Your Score History
You have not taken this quiz